Axiomatic set theory /

Guardado en:
Autor Principal: Bernays, Paul, 1888-
Otros Autores: Fraenkel, Abraham Adolf, 1891-1965. (Autor de introducción, etc.)
Formato: Libro
Idioma:English
Publicado: Amsterdam : North-Holland, 1958.
Series:Studies in logic and the foundations of mathematics
Etiquetas: Agregar Etiqueta
Sin Etiquetas, Sea el primero en etiquetar este registro!
LEADER 00611nam a22001695a 4500
001 MAT.inmabb000690
008 031118s1958####ne############001#0#eng#d
005 20130409112107.0
245 1 0 |a Axiomatic set theory /  |c Paul Bernays ; with a historical introduction by Abraham A. Fraenkel. 
260 |a Amsterdam :  |b North-Holland,  |c 1958. 
300 |a viii, 226 p. ;  |c 23 cm. 
440 0 |a Studies in logic and the foundations of mathematics 
510 4 |a MR,  |c 21 #4912 
100 1 |a Bernays, Paul,  |d 1888- 
700 1 |a Fraenkel, Abraham Adolf,  |d 1891-1965.  |4 aui 
084 |a 03Exx  |2 msc2000 
859 |h 03  |i B524  |p A-495  |b BIB. MATEMATICA